|
|
|
|
| LEADER |
01198nam a2200289 a 4500 |
| 001 |
13175739 |
| 008 |
130323s2004 nyua be 001 0 eng d |
| 010 |
|
|
|a 2003050644
|
| 020 |
|
|
|a 0306477548 (set)
|
| 040 |
|
|
|a DLC
|c DLC
|d DLC
|d BD-DhAAL
|
| 082 |
0 |
0 |
|a 362.103
|2 21
|
| 245 |
0 |
0 |
|a Encyclopedia of medical anthropology.
|n Vol. 1,
|p Topics :
|b health and illness in the world's cultures /
|c edited by Carol R. Ember and Melvin Ember.
|
| 260 |
|
|
|a New York :
|b Springer,
|c c2004.
|
| 300 |
|
|
|a 2 v. (xliv, 1-542 p.) :
|b ill. ;
|c 26 cm.
|
| 504 |
|
|
|a Includes bibliographical references and index.
|
| 541 |
|
|
|e 26733
|
| 650 |
|
0 |
|a Social medicine
|v Encyclopedias.
|
| 650 |
|
0 |
|a World health
|v Encyclopedias.
|
| 650 |
|
0 |
|a Medical anthropology
|v Encyclopedias.
|
| 650 |
|
0 |
|a Medicine
|v Cross-cultural studies.
|
| 650 |
|
0 |
|a Health
|v Cross-cultural studies.
|
| 650 |
|
0 |
|a Diseases
|x Social aspects.
|
| 700 |
1 |
|
|a Ember, Carol R.
|
| 700 |
1 |
|
|a Ember, Melvin.
|
| 852 |
1 |
|
|a Ayesha Abed Library
|c General shelf.
|
| 999 |
|
|
|c 13265
|d 13265
|
| 952 |
|
|
|0 0
|1 0
|2 ddc
|4 0
|6 362_103000000000000_ENC
|7 0
|9 22093
|a JPGSPH
|b JPGSPH
|c GEN
|d 2013-03-24
|e Karim International
|g 18225.00
|l 0
|o 362.103 ENC
|p 3060026733
|r 2013-03-24
|t 1
|w 2013-03-24
|y BK
|